000 00753nam a2200289 a 4500
003 AR-BaBNM
005 20251128205218.0
008 082120s2002 ||||||||||||||000 | spa||
020 _a950-511-118-5
040 _cAR-BaBNM
100 1 _aRamos, María Cristina
245 0 0 _aCuentos de la buena suerte
250 _a1ª ed.
260 _aBuenos Aires
_bAlfaguara
_c1991
300 _a109 p.
_bil.
490 0 _aJuvenil
_vv. 5
500 _aContiene biografía del autor en la contratapa
650 4 _aLITERATURA INFANTIL
650 4 _aLIBROS PARA NIÑOS
650 4 _aCUENTOS DE ANIMALES
650 4 _aFABULAS
650 4 _aLEYENDAS
655 _aLITERATURA
700 1 _aBianchi, Diego
_eilustrador
942 _cBK
998 _claura
999 _c10470
_d10470